[Event "HUN-chT2 Maroczy 0001"]
[Site "Hungary"]
[Date "2001.04.22"]
[Round "11"]
[White "Rago, Laszlo"]
[Black "Zila, Laszlo"]
[Result "0-1"]
[WhiteElo "2087"]
[BlackElo "2255"]
[PlyCount "82"]
[EventDate "2000.11.26"]
[EventType "team"]
[EventRounds "11"]
[EventCountry "HUN"]
[SourceTitle "EXT 2007"]
[Source "ChessBase"]
[SourceDate "2006.11.23"]
[SourceVersion "1"]
[SourceVersionDate "2006.11.23"]
[SourceQuality "1"]
[WhiteTeam "Ujszasz"]
[BlackTeam "Budapest Matador"]
[WhiteTeamCountry "HUN"]
[BlackTeamCountry "HUN"]

1. e4 c5 2. Nf3 e6 3. d4 cxd4 4. Nxd4 Nf6 5. Bd3 Nc6 6. Nxc6 bxc6 7. 0-0 d5 8. Nd2 Be7 9. e5 Nd7 10. Nf3 Qb6 11. c3 a5 12. Rb1 Ba6 13. Re1 Bxd3 14. Qxd3 Qa6 15. Qe2 Qxe2 16. Rxe2 c5 17. Bf4 h6 18. h3 Nb6 19. Rd1 0-0 20. Bc1 Rfb8 21. Kf1 Rb7 22. Rc2 Rab8 23. Nd2 a4 24. g3 Nd7 25. Re1 c4 26. Nf3 Nc5 27. Nd4 Nd3 28. Nc6 Nxe1 29. Nxe7+ Rxe7 30. Kxe1 Reb7 31. a3 f6 32. Re2 f5 33. f4 g5 34. Kf2 gxf4 35. gxf4 Kh7 36. Kf3 Rg8 37. Be3 Rbg7 38. Bf2 Rg2 39. Re1 Rh2 40. h4 Rh3+ 41. Ke2 Rg4 0-1

[Event "HUN-chT3"]
[Site "Hungary"]
[Date "1992.??.??"]
[Round "?"]
[White "Rago, Laszlo"]
[Black "Dede, Erno"]
[Result "1/2-1/2"]
[WhiteElo "2165"]
[BlackElo "2215"]
[PlyCount "74"]
[EventDate "1992.??.??"]
[EventType "team"]
[EventRounds "5"]
[EventCountry "HUN"]
[SourceTitle "EXT 2001"]
[Source "ChessBase"]
[SourceDate "2000.11.22"]
[SourceVersion "1"]
[SourceVersionDate "2000.11.22"]
[SourceQuality "1"]

1. e4 Nf6 2. e5 Nd5 3. d4 d6 4. f4 Bf5 5. Nf3 e6 6. c4 Nb6 7. Nc3 c5 8. dxc5 dxc5 9. Qxd8+ Kxd8 10. Ng5 Ke8 11. Be3 Na6 12. Rd1 Be7 13. Nge4 Rd8 14. Rxd8+ Kxd8 15. Be2 Na4 16. b3 Nxc3 17. Nxc3 Nb4 18. Kf2 Kc8 19. Rd1 Rd8 20. Rxd8+ Kxd8 21. Bf3 b6 22. Ke2 f6 23. g4 Bg6 24. h4 h6 25. h5 Bh7 26. exf6 Bxf6 27. Bd2 Bd3+ 28. Kd1 Ke7 29. a3 Nc2 30. Be4 Bxc3 31. Bxd3 Bxd2 32. Kxd2 Nd4 33. b4 e5 34. Ke3 Kf6 35. bxc5 bxc5 36. Ke4 exf4 37. Kxf4 Nc6 1/2-1/2